| 000 | 01080nam a22002777a 4500 | ||
|---|---|---|---|
| 999 |
_c64173 _d64173 |
||
| 005 | 20240530110718.0 | ||
| 008 | 180313s2016 ua g 000 0 ara d | ||
| 017 |
_a2015/10688 _bمصر. دار الكتب |
||
| 020 | _a9789772768516 | ||
| 040 |
_aEG-CaGPL _cEG-CaGPL |
||
| 082 | 0 | 4 |
_221 _a303.625 / _bم ت |
| 100 | 0 | _aمحمد احمد النجار | |
| 245 | 1 | 0 |
_aتنظيم درنة : _bالبنية القاعدية لتنظيم الدولة (داعش) فى ليبيا / _cمحمد احمد النجار، احمد صبحى ؛ اشراف جهاد عودة |
| 250 | _aط. 1 | ||
| 260 |
_aالقاهرة : _bالمكتب العربى للمعارف ، _c2016. |
||
| 300 |
_a159 ص. ؛ _c24 سم. |
||
| 650 | 0 | 7 |
_2qrmak _aالارهاب |
| 650 | 0 | 7 |
_2qrmak _aداعش |
| 650 | 0 | 7 | _2qrmak |
| 651 |
_2qrmak _aليبيا _xالاحوال السياسية _xداعش |
||
| 651 |
_aدرنه _zليبيا |
||
| 700 | 0 |
_aاحمد صبحى _eمؤلف مشارك |
|
| 700 | 0 |
_aجهاد عودة _eمشرف |
|
| 942 |
_2ddc _cBK |
||